| 000 | 00554cam a2200205ua 4500 | ||
|---|---|---|---|
| 001 | 150 | ||
| 008 | 110411n ii |||gr||||Z||||||eng | ||
| 020 | _a978-0-07-047297-6 | ||
| 020 | _a0-07-047297-1 | ||
| 040 | _cMAIN | ||
| 082 | _a004.6 | ||
| 245 | 1 |
_aData communications and networs. _cBy Achyut S Godbole. |
|
| 250 | _a1st. | ||
| 260 |
_aNew Delhi.: _bTata mcgraw hill., _c2009. |
||
| 300 |
_axi, 503 p.: _bill.; _c22 cm. |
||
| 653 | _aComputer science. | ||
| 653 | _aData communications and networks. | ||
| 700 | _aGodbole, Achyut S., | ||
| 942 | _cBK | ||
| 999 |
_c138 _d138 |
||